Vývoj derivátových burz v zemích střední a východní Evropy
Konferencia venovaná derivátovým burzám strednej a východnej Európy sa konala 25.6.1996 v Budapešti. Poznatky z Budapest Stock Exchange. Prehľad kontraktov a inovačný program na relatívne vyspelej rakúskej termínovej a opčnej burze ÖTOB.
Gespeichert in:
| 1. Verfasser: | |
|---|---|
| Format: | Buchkapitel |
| Sprache: | Tschechisch |
| Schlagworte: | |
| Tags: |
Keine Tags, Fügen Sie das erste Tag hinzu!
|
MARC
| LEADER | 00000naa a2200000 4500 | ||
|---|---|---|---|
| 001 | r021483 | ||
| 005 | 20230908090249.2 | ||
| 041 | 0 | |a cze | |
| 044 | |a CZ | ||
| 245 | 1 | 0 | |a Vývoj derivátových burz v zemích střední a východní Evropy |c J. Jílek |
| 520 | |a Konferencia venovaná derivátovým burzám strednej a východnej Európy sa konala 25.6.1996 v Budapešti. Poznatky z Budapest Stock Exchange. Prehľad kontraktov a inovačný program na relatívne vyspelej rakúskej termínovej a opčnej burze ÖTOB. | ||
| 610 | 2 | 0 | |a deriváty |
| 610 | 2 | 0 | |a burzy |
| 610 | 2 | 0 | |a stredná Európa |
| 610 | 2 | 0 | |a východná Európa |
| 610 | 2 | 0 | |a konferencie |
| 610 | 2 | 0 | |a 1996 |
| 610 | 2 | 0 | |a Budapešť |
| 610 | 2 | 0 | |a Budapest Stock Exchange |
| 610 | 2 | 0 | |a OTC |
| 610 | 2 | 0 | |a Maďarsko |
| 610 | 2 | 0 | |a Rakúsko |
| 100 | 1 | |a Jílek, Josef | |